000 00471nam a2200157Ia 4500
003 OSt
005 20200703103820.0
008 190216s9999||||xx |||||||||||||| ||und||
040 _coclc
082 _a942
_bMAJ/S
100 _aMajumdar, R K
_93042
245 0 _aA Short History Of England /
_cR K Majumdar ; A N Srivastva
260 _bSbd Publishers & Distributors,
_c1980.
_aDelhi:
300 _a382p
942 _cBK
_2ddc
_h942
_iMAJ/S
_k942
_mMAJ/S
999 _c20630
_d20630